| 000 | 01178nam a22002057a 4500 | ||
|---|---|---|---|
| 999 |
_c145454 _d145454 |
||
| 005 | 20181010154323.0 | ||
| 010 | _a17-18HN-4.8.17 B-703986-997 | ||
| 020 |
_c450.00 _a818809093x |
||
| 035 | _aB-703986-997 | ||
| 037 | _bस्वास्तिक प्रकाशन | ||
| 082 | _a327.54051 | ||
| 100 | _aरामपाल सिंह | ||
| 245 |
_aभारतीय सैनिकः _cरामपाल सिंह _bजो लौट कर घर नहीं आए / |
||
| 260 |
_aदिल्ली _bस्वास्तिक प्रकाशन _c2017 _c2018 |
||
| 270 |
_bदिल्ली _a4/32, सुभाष गली, विश्वास नगर, शाहदरा _e302001 _mshilalekhbooks@rediffimail.com |
||
| 270 |
_bदिल्ली _aआत्माराम बिल्डिंग, 1376, कश्मीरी गेट _e110006 |
||
| 300 |
_a183पृ. _c22 सेमी.(सजिल्द) |
||
| 942 |
_2ddc _cHN _h327.54051 _mरामपा |
||